000 01177nam a2200229 i 4500
001 153530
003 ES-MaACL
005 20251011162543.0
008 931025s1871 sp |||| | spa d
100 1 _aDuero, Manuel Gutiérrez de la Concha,
_cMarqués del,
_d1808-1874
_9148021
245 1 0 _aDiscursos pronunciados en la inauguración del Ateneo del Ejército y de la Armada /
_cpor su presidente... marqués del Duero y su vicepresidente... Luis Vidart y en la de sus cátedras... Ignacio de Negrín.
260 _aMadrid :
_b[s.n.],
_c1871 (
_fImp. y Lit. del Depósito de la Guerra)
300 _a73 p., [8] p. ;
_c22 cm.
505 8 _aContiene también: Estatutos y Reglamento de 1871 . Lista de los señores socios de 1871
610 2 4 _aAteneo del Ejército y de la Armada (Madrid)
_9134158
700 1 _aVidart, Luis,
_d1833-1897
_9114538
700 1 _aNegrín, Ignacio de,
_d1830-1885
_985306
710 2 _aAteneo del Ejército y de la Armada (Madrid)
_9134158
710 1 _aEspaña.
_bDepósito de la Guerra.
_9167579
852 _aES-MaACL
_jT-121-F-2
_z- Enc. hol., falto de la enc. original
_z- Enc. en un vol. facticio
999 _c153530
_d153530